Higher transcendental functions
Saved in:
| Main Author: | |
|---|---|
| Corporate Author: | |
| Other Authors: | |
| Format: | Book |
| Language: | English |
| Published: |
New York :
MacGraw-Hill,
1953-1955.
|
| Subjects: | |
| Tags: |
Add Tag
No Tags, Be the first to tag this record!
|
MARC
| LEADER | 00000cam a2200000 i 4500 | ||
|---|---|---|---|
| 001 | 1/4487 | ||
| 008 | 100216m19531955nyu ||| | eng|| | ||
| 035 | |l 10106793 | ||
| 040 | |a GR-MyUA |b gre |e AACR2 | ||
| 041 | 0 | |a eng | |
| 082 | 0 | |a 515.22 |2 (22) | |
| 110 | 2 | |a Bateman Manuscript Project. | |
| 245 | 1 | 0 | |a Higher transcendental functions / |c based, in part, on notes left by Harry Bateman ; and compiled by the Staff of the Bateman Manuscript Project ; [Director Arthhur Erdelyi, Recearch associates Wilhem Magnus, Fritz Oberhettinger and Francesco G. Tricomi]. |
| 260 | |a New York : |b MacGraw-Hill, |c 1953-1955. | ||
| 300 | |a 3 τ. : |b διαγρ. ; |c 24 εκ. | ||
| 500 | |a Prepared at the California Institute of Technology under Contract No. N6onr-244 Task Order XIV with the Office of Naval Research. Project designation number: NR 043-045 | ||
| 504 | |a Περιέχουν βιβλιογραφικές παραπομπές. | ||
| 650 | 0 | 0 | |a Transcendental functions. |
| 700 | 1 | |a Bateman, Harry, |d 1882-1946, |e aut | |
| 700 | 1 | |a Erdelyi, Arthur, |e edt | |
| 852 | |a INST |b SAMOS |c MAG |e 20100216 |h 515.22 HIG |p 005300030620 |q 005300030620 |t BK |v τ.3: |y 0 |z τ.3 | ||
| 852 | |a INST |b SAMOS |c MAG |e 20100216 |h 515.22 HIG |p 005300030621 |q 005300030621 |t BK |v τ.2: |y 0 |z τ.2 | ||
| 852 | |a INST |b SAMOS |c MAG |e 20100216 |h 515.22 HIG |p 005300030622 |q 005300030622 |t BK |v τ.1: |y 0 |z τ.1 | ||
| 853 | |a INST |b SAMOS |c MAG |h 515.22 HIG | ||
| 901 | |a BIBL3-2010-1 | ||
| 909 | |a Σ |b 161821 | ||
| 909 | |a Σ |b 161822 | ||
| 909 | |a Σ |b 161823 | ||
| 970 | |a ΡΟΥΣΣΟΥ |b ΚΩΝΣΤΑΝΤΙΝΑ |z 2010/02/16 | ||